Politics of Indian economy (Record no. 76211)

MARC details
000 -LEADER
fixed length control field 00687cam a22002411 4500
001 - CONTROL NUMBER
control field sa 67006875
003 - CONTROL NUMBER IDENTIFIER
control field DLC
005 - DATE AND TIME OF LATEST TRANSACTION
control field 20260227112411.0
008 - FIXED-LENGTH DATA ELEMENTS--GENERAL INFORMATION
fixed length control field 760416s1967 ii 000 0 eng
010 ## - LIBRARY OF CONGRESS CONTROL NUMBER
LC control number sa 67006875
035 ## - SYSTEM CONTROL NUMBER
System control number (OCoLC)2116430
040 ## - CATALOGING SOURCE
Original cataloging agency DLC
Transcribing agency NIC
Modifying agency DLC
042 ## - AUTHENTICATION CODE
Authentication code premarc
050 00 - LIBRARY OF CONGRESS CALL NUMBER
Classification number HC435.2
Item number .S4
082 ## - DEWEY DECIMAL CLASSIFICATION NUMBER
Classification number 338.954
100 1# - MAIN ENTRY--PERSONAL NAME
Personal name Sen, Samar,
Dates associated with a name 1916-1987.
245 10 - TITLE STATEMENT
Title Politics of Indian economy
Statement of responsibility, etc. [by] Pragmatist.
260 ## - PUBLICATION, DISTRIBUTION, ETC.
Place of publication, distribution, etc. Bombay,
Name of publisher, distributor, etc. Popular Prakashan
Date of publication, distribution, etc. [1967]
300 ## - PHYSICAL DESCRIPTION
Extent xi, 126 p.
Dimensions 23 cm.
500 ## - GENERAL NOTE
General note Published in the Economic weekly, 1955-1965.
651 #0 - SUBJECT ADDED ENTRY--GEOGRAPHIC NAME
Geographic name India
General subdivision Economic policy.
651 #0 - SUBJECT ADDED ENTRY--GEOGRAPHIC NAME
Geographic name India
General subdivision Politics and government
Chronological subdivision 1947-

No items available.

Powered by Koha